=LDR 00000nam 2200000 4500 =001 NUTBA000000000001017 =005 20200416072346 =035 ##$$a 0010-041400000000287 =008 200416################g##########0#ind## =020 ##$$a 978-602-8478-02-1 =082 ##$$a 2x3.1 =100 ##$$a Susmono, susilawati =245 1#$$a Iman dan keteguhan hati /$c Susilawati Susmono; Editor bahasa, haveati hilman =250 ##$$a cet.2 =260 ##$$a Jakarta :$b Yayasan Riyadhatul Ihsan,$c 2010 =300 ##$$a 121 hlm ; $c 14, 5 x 21 cm =084 ##$$a 2x3.1 SUS i =650 #4$$a Iman - Islam =504 ##$$a Bibliografi : hlm. 114 - 120 =990 ##$$a 93193/BPAP-NTB/2014 =990 ##$$a 21105002/ Pb- 2011 =990 ##$$a 21105001/ Pb- 2011 =990 ##$$a 2105000/ Pb- 2011 =990 ##$$a 0001/BPAP-NTB/20142014 =990 ##$$a 93193/BPAP-NTB/2014 =990 ##$$a 21105002/ Pb- 2011 =990 ##$$a 21105001/ Pb- 2011 =990 ##$$a 2105000/ Pb- 2011 =990 ##$$a 21104999 =990 ##$$a 21105002/ Pb- 2011 =990 ##$$a 21105001/ Pb- 2011 =990 ##$$a 0001/BPAP-NTB/20142014 =990 ##$$a 2105000/ Pb- 2011